Proces obnovy vybraných výrobků Stručné výsledky z šetření u obyvatelstva
Gespeichert in:
| 1. Verfasser: | |
|---|---|
| Format: | Buch |
| Sprache: | Tschechisch |
| Veröffentlicht: |
Praha
Výzkumný ústav obchodu
1986
|
| Schriftenreihe: | Knižnice VÚO
205 |
| Tags: |
Keine Tags, Fügen Sie das erste Tag hinzu!
|
MARC
| LEADER | 00000nam a2200000 4500 | ||
|---|---|---|---|
| 001 | c040756 | ||
| 005 | 20251110134122.5 | ||
| 041 | 0 | |a cze | |
| 044 | |a CZ | ||
| 245 | 1 | 0 | |a Proces obnovy vybraných výrobků |b Stručné výsledky z šetření u obyvatelstva |c Jiří Kaftan |
| 264 | 1 | |a Praha |b Výzkumný ústav obchodu |c 1986 | |
| 300 | |a 43 s. | ||
| 490 | 1 | |a Knižnice VÚO |v 205 | |
| 830 | 0 | |a Knižnice VÚO |v 205 | |
| 100 | 1 | |a Kaftan, Jiří | |